Statistiques concernant Les gens au pays - Quiz d'images

Cliquez ici pour prendre le quiz!

Statistiques générales

  • Ce quiz a été pris 58 fois
  • Le résultat moyen est 9 sur 16

Statistiques - réponses

Answer % Correct
États-Unis
92%
France
90%
Corée du Nord
82%
Allemagne
78%
Portugal
75%
Argentine
73%
Espagne
67%
Italie
61%
Russie
59%
Bolivie
51%
Royaume-Uni
43%
Senegal
41%
Afrique du Sud
37%
Australie
35%
Mexique
31%
Colombie
14%

Distribution des résultats

Percentile par nombre de réponses

% des personnes avec chaque résultat

Votre développement - résultats

Vous n’avez pas pris ce quiz